000 00512nam a2200181Ia 4500
005 20250923145304.0
008 008 250917s9999 xx 000 0 eng d
037 _aTextual
040 _aDSWL
_beng
_cDSWL
041 _aeng
_2eng
084 _aY:5x1, N68
_qDSWL
100 _aNam, Charles B.
_9833715
245 0 _aPopulation and Society
_cby Charles B. Nam
260 _aLondon
_b Houghton Mifflin Co.
_c1968
300 _axi,708p.
942 _cTEXL
_hY:5x1, N68
999 _c1449516
_d1449516